| 000 | 00974cam a2200289 4500 | ||
|---|---|---|---|
| 001 | 19L130237 | ||
| 008 | 050704n2005 000 0 eng u | ||
| 020 | _a1860817580 | ||
| 035 | _a(Sirsi) u130237 | ||
| 041 | _aeng | ||
| 050 |
_a333.73 _c18 |
||
| 100 | _aDunster, A. M. | ||
| 245 | _aDevelopment of sites containing expansive ferrous slags | ||
| 260 |
_aWatford _bBRE _c2005 |
||
| 300 |
_a12p. _c30cm. |
||
| 490 |
_aBRE Information Paper _v8/05 |
||
| 520 | _aIntended for engineering and geo-environmental consultants this paper gives guidance on the assessment and development of sites that may contain ferrous slag. | ||
| 590 | _aIKA190705 | ||
| 690 | _aPROPERTY-RURAL AND NATURAL ASSETS-LAND-CONTAMINATED LAND | ||
| 700 | _aLongworth, T. I. | ||
| 700 | _aNixon, P. J. | ||
| 700 | _aLane, S. J. | ||
| 700 | _aCollins, R. J. | ||
| 710 | _aBuilding Research Establishment | ||
| 710 |
_aUnited Kingdom _bDepartment of Trade and Industry |
||
| 942 | _n0 | ||
| 999 |
_c104406 _d104406 |
||